| 000 | 00382cam a22001337a 4500 | ||
|---|---|---|---|
| 008 | 180718b1955 xxu||||| |||| 00| 0 eng d | ||
| 082 | _aP6 W146 | ||
| 100 | _aWaldman.susie berg | ||
| 245 |
_aWhat good nursing means to you _cby susie berg waldman |
||
| 250 | _aFirst edition | ||
| 260 |
_aNew york _bPublic affairs comittee _c1955 |
||
| 300 | _a27p. | ||
| 650 | _aVocational education | ||
| 999 |
_c442658 _d442658 |
||